[Event "European Rapid 2017"]
[Site "Katowice POL"]
[Date "2017.12.16"]
[Round "1.61"]
[White "Ladva, Ottomar"]
[Black "Starovic, Martin"]
[Result "1-0"]
[WhiteTitle "GM"]
[WhiteElo "2522"]
[BlackElo "1812"]
[WhiteFideId "4500024"]
[BlackFideId "14936119"]
[EventDate "2017.12.16"]

1. Nf3 Nf6 2. d4 d5 3. Bf4 Bf5 4. e3 e6 5. Bd3 Bg6 6. O-O Bd6 7. Bg3 O-O 8. Ne5
Bxd3 9. cxd3 Nbd7 10. Nd2 c5 11. e4 dxe4 12. dxe4 Bxe5 13. dxe5 Ne8 14. Nc4 Qc7
15. Qg4 Nb6 16. Nd6 Rd8 17. Rad1 Nc8 18. Rd2 Ncxd6 19. exd6 Rxd6 20. Bxd6 Nxd6
21. Qf4 Nb5 22. Qxc7 Nxc7 23. Rd7 Rc8 24. Rfd1 Kf8 25. Rd8+ Rxd8 26. Rxd8+ Ke7
27. Rb8 b5 28. Rb7 Kd6 29. Rxa7 c4 30. Kf1 Kc6 31. Ke2 b4 32. a3 Nb5 33. Ra4
Nd4+ 34. Kd1 bxa3 35. Rxa3 Kc5 36. Ra7 f5 37. exf5 Nxf5 38. g4 Nd4 39. Rxg7 Kb4
40. Rxh7 Kb3 41. Rb7+ Ka2 42. g5 Nf5 43. g6 1-0

[Event "European Rapid 2017"]
[Site "Katowice POL"]
[Date "2017.12.16"]
[Round "1.62"]
[White "Zajaczkowski, Piotr"]
[Black "Castellanos Rodriguez, Renier"]
[Result "0-1"]
[BlackTitle "IM"]
[WhiteElo "1686"]
[BlackElo "2501"]
[WhiteFideId "1117785"]
[BlackFideId "3404650"]
[EventDate "2017.12.16"]

1. f4 g6 2. g3 Bg7 3. Bg2 c5 4. Nf3 Nc6 5. e3 e6 6. O-O Nge7 7. Nc3 O-O 8. d3 d5
9. Re1 b6 10. Bd2 Ba6 11. Rb1 Rc8 12. Ne2 d4 13. exd4 cxd4 14. g4 Nd5 15. Ng3
Ncb4 16. Ne5 Nxc2 17. Re2 Nce3 18. Bxe3 dxe3 19. Qa4 Bxe5 20. Qxa6 Nxf4 21. Ree1
Rc2 22. Be4 Qh4 0-1

[Event "European Rapid 2017"]
[Site "Katowice POL"]
[Date "2017.12.16"]
[Round "1.64"]
[White "Ofierzynski, Krystian"]
[Black "Rausis, Igors"]
[Result "0-1"]
[BlackTitle "GM"]
[WhiteElo "1635"]
[BlackElo "2632"]
[WhiteFideId "1174924"]
[BlackFideId "11600098"]
[EventDate "2017.12.16"]

1. e4 c6 2. d4 d5 3. exd5 cxd5 4. Nf3 Nc6 5. c3 Qc7 6. Bd3 Bg4 7. Be3 Nf6 8.
Nbd2 e6 9. O-O Bd6 10. Qc2 Bh5 11. h3 Bg6 12. Rfe1 Bxd3 13. Qxd3 O-O 14. Bg5 Nd7
15. Nf1 Na5 16. b3 Rac8 17. Rac1 a6 18. Bd2 b5 19. Ne3 Nf6 20. Nd1 Ne4 21. Rxe4
dxe4 22. Qxe4 h6 23. Ne3 Rfe8 24. Qh4 Bf4 25. g3 Bxe3 26. Bxe3 Nc6 27. g4 Qd8
28. g5 e5 29. Qh5 exd4 30. cxd4 Nxd4 31. Nxd4 Rxc1+ 32. Bxc1 Qxd4 33. Be3 Rxe3
34. fxe3 Qxe3+ 35. Kh2 Qf4+ 36. Kg2 Qxg5+ 37. Qxg5 hxg5 38. Kg3 f5 0-1

[Event "European Rapid 2017"]
[Site "Katowice POL"]
[Date "2017.12.16"]
[Round "1.65"]
[White "Klekowski, Maciej"]
[Black "Kolar, Johan-Eerik"]
[Result "1-0"]
[WhiteTitle "IM"]
[WhiteElo "2498"]
[BlackElo "1609"]
[WhiteFideId "1132717"]
[BlackFideId "4508572"]
[EventDate "2017.12.16"]

1. c4 Nf6 2. Nc3 g6 3. g3 Bg7 4. Bg2 O-O 5. e4 d6 6. Nge2 Nc6 7. O-O a6 8. d3 e5
9. h3 Ne8 10. Be3 Nd4 11. Bxd4 exd4 12. Nb1 Rb8 13. Nd2 c5 14. Kh2 b5 15. b3 g5
16. f4 h6 17. Qc2 Qe7 18. Rae1 Nf6 19. Nc1 Nd7 20. Nf3 Bb7 21. Qd2 f6 22. Ne2
Rbe8 23. g4 Rf7 24. Ng3 Qd8 25. Nf5 Nf8 26. Ng1 Ng6 27. Ne2 Kh7 28. Rf2 Bf8 29.
Ref1 Bg7 30. Nfg3 Ref8 31. Nh5 Bh8 32. Neg3 Bg7 33. Nf5 Bh8 34. Kh1 Qd7 35. Qe2
Qd8 36. Qf3 Qd7 37. Qg3 Qd8 38. h4 Ba8 39. Qh2 Bb7 40. hxg5 fxg5 41. Nhg3 Rxf5
42. Nxf5 Bg7 43. Nxg7 Kxg7 44. fxg5 hxg5 45. Rxf8 Nxf8 46. e5 Bxg2+ 47. Qxg2
dxe5 48. Rf5 Ng6 49. Qb7+ Kh6 50. Rf7 Qg8 51. Kg1 Nf4 52. Qxa6+ Ng6 53. Qb7 bxc4
54. bxc4 Nf4 55. Rf6+ Ng6 56. Qc6 Qg7 57. a4 Kh7 58. Qh1+ Kg8 59. Qd5+ Kh7 60.
Rf7 1-0

[Event "European Rapid 2017"]
[Site "Katowice POL"]
[Date "2017.12.16"]
[Round "1.66"]
[White "Galuszka, Tomasz"]
[Black "Sammalvuo, Tapani"]
[Result "1/2-1/2"]
[BlackTitle "IM"]
[WhiteElo "1892"]
[BlackElo "2416"]
[WhiteFideId "21816409"]
[BlackFideId "501115"]
[EventDate "2017.12.16"]

1. e4 e5 2. Nf3 Nc6 3. Bb5 a6 4. Ba4 Nf6 5. Bxc6 dxc6 6. d3 Nd7 7. Nc3 Bd6 8.
Ne2 O-O 9. Be3 Re8 10. g4 Nc5 11. h3 Ne6 12. Ng3 c5 13. Nf5 Nd4 14. h4 Be6 15.
h5 Bf8 16. Rh3 Nxf3+ 17. Qxf3 f6 18. Rg3 h6 19. Qe2 Qd7 20. Kf1 a5 21. Kg2 a4
22. a3 c4 23. d4 Bxf5 24. gxf5 exd4 25. Qxc4+ Kh8 26. Qxd4 Qxd4 27. Bxd4 Rxe4
28. Bc3 Rd8 29. Re3 Rg4+ 30. Rg3 Rf4 31. Rf3 Rh4 32. Rh1 Rxh1 33. Kxh1 Kg8 34.
Kg2 Rd5 35. Kg3 Kf7 36. Kf4 Bc5 37. Ke4 c6 38. Rd3 Rxd3 39. cxd3 Bxf2 40. d4 Ke7
41. Bb4+ Ke8 42. Bd6 Be1 43. d5 Bd2 44. dxc6 bxc6 45. Kd3 Bc1 1/2-1/2

[Event "European Rapid 2017"]
[Site "Katowice POL"]
[Date "2017.12.16"]
[Round "1.67"]
[White "Zwardon, Vojtech"]
[Black "Babczynski, Zbigniew"]
[Result "1-0"]
[WhiteTitle "IM"]
[WhiteElo "2408"]
[BlackElo "1561"]
[WhiteFideId "325511"]
[BlackFideId "1170988"]
[EventDate "2017.12.16"]

1. c4 Nf6 2. Nc3 g6 3. g3 Bg7 4. Bg2 c6 5. d3 d5 6. cxd5 cxd5 7. Bg5 e6 8. Nf3
O-O 9. Qd2 Qc7 10. Rc1 Nc6 11. O-O Bd7 12. Bf4 Qd8 13. e4 d4 14. Ne2 Nh5 15. Bd6
Re8 16. e5 Bf8 17. Bxf8 Rxf8 18. g4 Ng7 19. Qh6 f6 20. exf6 Rxf6 21. Ng5 Ne7 22.
Qxh7+ Kf8 23. Ng3 Ng8 24. N3e4 Rf4 25. Qxg6 Be8 26. Nh7+ 1-0

[Event "European Rapid 2017"]
[Site "Katowice POL"]
[Date "2017.12.16"]
[Round "1.68"]
[White "Domanski, Lukasz"]
[Black "Vavulin, Maksim"]
[Result "0-1"]
[BlackTitle "IM"]
[WhiteElo "2121"]
[BlackElo "2575"]
[WhiteFideId "1183575"]
[BlackFideId "4169530"]
[EventDate "2017.12.16"]

1. e4 g6 2. d4 Bg7 3. Nc3 a6 4. a4 d6 5. Nf3 Bg4 6. Be3 Nc6 7. Be2 Nf6 8. O-O
O-O 9. Qd2 Nd7 10. Rfd1 e5 11. d5 Ne7 12. h3 Bxf3 13. Bxf3 f5 14. exf5 gxf5 15.
Bh6 Bxh6 16. Qxh6 Rf6 17. Qd2 Qf8 18. Be2 Kh8 19. f4 Ng6 20. fxe5 Ndxe5 21. Bh5
Qg7 22. Rf1 Rg8 23. Ne2 f4 24. Bxg6 f3 25. Nf4 Qh6 26. Be4 Rxg2+ 27. Qxg2 fxg2
28. Nxg2 Rxf1+ 29. Rxf1 Qxh3 30. Rf4 Kg7 31. Rh4 Nf3+ 32. Bxf3 Qxf3 0-1

[Event "European Rapid 2017"]
[Site "Katowice POL"]
[Date "2017.12.16"]
[Round "1.69"]
[White "Jakubowski, Krzysztof"]
[Black "Kwasniewski, Pawel"]
[Result "1-0"]
[WhiteTitle "GM"]
[WhiteElo "2526"]
[BlackElo "1717"]
[WhiteFideId "1112848"]
[BlackFideId "1155180"]
[EventDate "2017.12.16"]

1. c4 c6 2. Nf3 d5 3. e3 Nf6 4. Nc3 Bg4 5. Qb3 Qb6 6. cxd5 Qxb3 7. axb3 cxd5 8.
Ne5 Bf5 9. Nb5 Na6 10. Rxa6 bxa6 11. Nc7+ Kd8 12. Nxa8 Kc8 13. Bxa6+ Kb8 14. d4
Bg6 15. Ke2 Kxa8 16. Bd2 e6 17. Rc1 Bd6 18. Rc6 Bxe5 19. dxe5 Nd7 20. Rc7 Nb6
21. Bb4 Bh5+ 22. f3 1-0

[Event "European Rapid 2017"]
[Site "Katowice POL"]
[Date "2017.12.16"]
[Round "1.72"]
[White "Ptaszynski, Tomasz"]
[Black "Shkapenko, Pavel"]
[Result "0-1"]
[BlackTitle "IM"]
[WhiteElo "1642"]
[BlackElo "2431"]
[WhiteFideId "1143581"]
[BlackFideId "4151933"]
[EventDate "2017.12.16"]

1. e4 c5 2. Nc3 a6 3. g3 b5 4. Bg2 Bb7 5. d3 b4 6. Nce2 d5 7. e5 e6 8. f4 h5 9.
c3 Nc6 10. d4 Nh6 11. Nf3 Nf5 12. Bd2 Qb6 13. Qa4 a5 14. Rc1 Be7 15. O-O Ba6 16.
Rfe1 Bb5 17. Qc2 Bxe2 18. Rxe2 cxd4 19. cxd4 Ncxd4 20. Qa4+ Kf8 21. Ree1 Nxf3+ 0-1

[Event "European Rapid 2017"]
[Site "Katowice POL"]
[Date "2017.12.16"]
[Round "1.73"]
[White "Valsecchi, Alessio"]
[Black "Adamczyk, Zuzanna"]
[Result "1-0"]
[WhiteTitle "IM"]
[WhiteElo "2501"]
[BlackElo "1671"]
[WhiteFideId "818860"]
[BlackFideId "1187570"]
[EventDate "2017.12.16"]

1. e4 c5 2. Nf3 e6 3. d4 cxd4 4. Nxd4 Nc6 5. Nc3 Qc7 6. Be2 a6 7. O-O Nf6 8. Be3
Bb4 9. Nxc6 Bxc3 10. bxc3 bxc6 11. Bd3 O-O 12. c4 d5 13. cxd5 cxd5 14. exd5 Nxd5
15. Bd2 Bb7 16. Rb1 Rab8 17. Qh5 Nf6 18. Qh4 Qc6 19. f3 Qc5+ 20. Kh1 Qh5 21. Qg3
Qd5 22. Rb3 Nh5 23. Qh4 g6 24. Rfb1 Qd7 25. Qe1 Ng7 26. Bf4 e5 27. Bxe5 Rfe8 28.
Qc3 Rbc8 29. Qa1 Qe6 30. Bxg7 Bd5 31. Rb6 Rc6 32. Rb8 Rcc8 33. Rxc8 Qxc8 34. Bh6 1-0

[Event "European Rapid 2017"]
[Site "Katowice POL"]
[Date "2017.12.16"]
[Round "1.74"]
[White "Swiech, Joanna"]
[Black "Kovalev, Denis"]
[Result "0-1"]
[BlackTitle "IM"]
[WhiteElo "1918"]
[BlackElo "2504"]
[WhiteFideId "1183486"]
[BlackFideId "14104059"]
[EventDate "2017.12.16"]

1. d4 Nf6 2. c4 g6 3. Nc3 d5 4. Nf3 Bg7 5. e3 O-O 6. Bd3 c5 7. O-O cxd4 8. Nxd4
Nc6 9. Nxc6 bxc6 10. cxd5 cxd5 11. Qe2 Rb8 12. Rb1 e5 13. h3 Re8 14. Rd1 d4 15.
Ne4 Nd5 16. exd4 exd4 17. Qf1 Bf5 18. Ng3 Bxd3 19. Qxd3 Qa5 20. a3 Qa4 21. b3
Qc6 22. Bd2 Nc3 23. Bxc3 dxc3 24. Qc2 Rbd8 25. Rbc1 Qa6 26. a4 Qe6 27. Rxd8 Rxd8
28. Ne4 Qe5 29. Qb1 Rc8 30. Qd3 Qe6 31. Qc2 h5 32. Rd1 Rb8 33. Rb1 a5 34. Nc5
Qd5 35. Nd3 Rd8 36. Rd1 Qe4 37. Ne1 Qe7 38. Rxd8+ Qxd8 39. Nd3 Qd5 40. Kf1 Bd4
41. Ne1 Bf6 42. Nd3 Qe4 43. Ne1 Qf4 44. Nf3 Kg7 45. Ke2 g5 46. Ne1 Bd4 47. Nd3
Qe4+ 48. Kf1 g4 49. hxg4 hxg4 50. Qe2 Qf5 51. Ke1 Kf8 52. Kd1 Bxf2 53. Nxf2 Qb1# 0-1

[Event "European Rapid 2017"]
[Site "Katowice POL"]
[Date "2017.12.16"]
[Round "1.75"]
[White "Filar, Slawomir"]
[Black "Czyzykiewicz, Rafal"]
[Result "1-0"]
[WhiteElo "1839"]
[BlackElo "1756"]
[WhiteFideId "1118919"]
[BlackFideId "1141759"]
[EventDate "2017.12.16"]

1. e4 c5 2. c3 d5 3. exd5 Qxd5 4. d4 Nc6 5. Nf3 Bg4 6. dxc5 Qxd1+ 7. Kxd1 e5 8.
b4 e4 9. h3 Bxf3+ 10. gxf3 exf3 11. Bb5 O-O-O+ 12. Kc2 Nge7 13. Nd2 Ne5 14. Nc4
N7g6 15. Nxe5 Nxe5 16. Bf4 Ng6 17. Bh2 Be7 18. Rhe1 Bh4 19. Bd3 Rxd3 20. Kxd3
Bxf2 21. Rf1 Rd8+ 22. Kc2 Be3 23. Rxf3 Rd2+ 24. Kb3 Bxc5 25. bxc5 Rxh2 26. Rxf7
Rxh3 27. Re1 Kd8 28. Rxb7 a5 29. c6 a4+ 30. Kxa4 Rxc3 31. Rd7+ 1-0

[Event "European Rapid 2017"]
[Site "Katowice POL"]
[Date "2017.12.16"]
[Round "1.77"]
[White "Zelcic, Robert"]
[Black "Sulkowski, Andrzej"]
[Result "1-0"]
[WhiteTitle "GM"]
[WhiteElo "2501"]
[BlackElo "1755"]
[WhiteFideId "14500310"]
[BlackFideId "1185926"]
[EventDate "2017.12.16"]

1. Nf3 Nf6 2. b3 g6 3. Bb2 Bg7 4. e4 d6 5. Qe2 O-O 6. d4 c5 7. Nbd2 cxd4 8. Nxd4
Nc6 9. O-O-O d5 10. e5 Nxd4 11. Bxd4 Ne8 12. h4 Qc7 13. g4 Bd7 14. Rh3 Qa5 15.
Kb2 Nc7 16. Bc3 Qb6 17. Nb1 Ne6 18. Qe3 Qxe3 19. Rxe3 Bc6 20. Ree1 Rfd8 21. g5
Rac8 22. Bd2 Nc5 23. f4 e6 24. Be3 Bf8 25. Nc3 b6 26. Nb5 Bxb5 27. Bxb5 Ne4 28.
Bd4 Bc5 29. Re3 Nf2 30. Rd2 Ne4 31. Bxc5 Rxc5 32. Rxe4 Rxb5 33. c4 Rc5 34. Red4
a5 35. a3 b5 36. cxd5 exd5 37. b4 axb4 38. axb4 Rc4 39. Rxc4 bxc4 40. Kc3 Kf8
41. Kd4 Ke7 42. Ra2 Rd7 43. b5 Ke6 44. Ra6+ Kf5 45. Rf6+ Kg4 46. b6 Kxh4 47. Rd6
Rb7 48. Kxd5 c3 49. Rc6 c2 50. Rxc2 Rxb6 51. Rc7 Kg4 52. Rxf7 Ra6 53. e6 1-0

[Event "European Rapid 2017"]
[Site "Katowice POL"]
[Date "2017.12.16"]
[Round "1.78"]
[White "Dwilewicz, Agata"]
[Black "Dobrowolski, Piotr"]
[Result "0-1"]
[BlackTitle "IM"]
[WhiteElo "1904"]
[BlackElo "2421"]
[WhiteFideId "1163965"]
[BlackFideId "1106236"]
[EventDate "2017.12.16"]

1. e4 e6 2. b3 d5 3. Bb2 dxe4 4. Nc3 Nf6 5. Qe2 Be7 6. g4 Nc6 7. O-O-O e5 8. h3
O-O 9. Bg2 a5 10. a4 Be6 11. Nxe4 Nd4 12. Nxf6+ Bxf6 13. Qe3 c5 14. Ba3 Re8 15.
Nf3 Bd5 16. Rhe1 e4 17. Nxd4 cxd4 18. Qg3 d3 19. c4 Qb6 20. b4 Qd4 0-1

[Event "European Rapid 2017"]
[Site "Katowice POL"]
[Date "2017.12.16"]
[Round "1.79"]
[White "Kreisl, Robert"]
[Black "Kielbratowski, Maciej"]
[Result "1-0"]
[WhiteTitle "IM"]
[WhiteElo "2440"]
[BlackElo "1851"]
[WhiteFideId "1613880"]
[BlackFideId "1139304"]
[EventDate "2017.12.16"]

1. Nf3 Nf6 2. g3 g6 3. b3 Bg7 4. Bb2 O-O 5. Bg2 d6 6. d4 Nbd7 7. O-O c5 8. c4
Rb8 9. Nc3 a6 10. a4 cxd4 11. Nxd4 Nc5 12. e4 Bg4 13. f3 Bd7 14. Kh1 e5 15. Nde2
Bc6 16. b4 Ne6 17. b5 axb5 18. axb5 Qb6 19. Na4 Qc7 20. bxc6 bxc6 21. Qd2 Rb3
22. Rfd1 Rfb8 23. Bc3 Rd8 24. Ba5 1-0

[Event "European Rapid 2017"]
[Site "Katowice POL"]
[Date "2017.12.16"]
[Round "1.80"]
[White "Golsta, Ramona"]
[Black "Kanarek, Marcel"]
[Result "0-1"]
[BlackTitle "GM"]
[WhiteElo "1692"]
[BlackElo "2505"]
[WhiteFideId "11607394"]
[BlackFideId "1126822"]
[EventDate "2017.12.16"]

1. d4 Nf6 2. Nf3 g6 3. Bg5 Bg7 4. e3 O-O 5. Bd3 d5 6. O-O b6 7. Nbd2 Bb7 8. Ne5
Ne4 9. Bf4 f6 10. Nef3 Nd7 11. c4 e5 12. dxe5 fxe5 13. Bxe4 dxe4 14. Bg5 Bf6 15.
Bxf6 Rxf6 16. Ne1 Rd6 17. Qc2 Nc5 18. Nb3 Nd3 19. Qc3 Qg5 20. c5 Rf6 21. Nd2
Nxc5 22. Qc4+ Kg7 23. b4 Rd8 24. bxc5 Rxd2 25. cxb6 cxb6 26. Qc3 Rd7 27. Nc2
Rdf7 28. Rad1 Ba6 29. f4 exf3 30. Rf2 fxg2 0-1

[Event "European Rapid 2017"]
[Site "Katowice POL"]
[Date "2017.12.16"]
[Round "1.81"]
[White "Sergeev, Vladimir"]
[Black "Jeda, Maciej"]
[Result "1-0"]
[WhiteTitle "GM"]
[WhiteElo "2406"]
[BlackElo "1678"]
[WhiteFideId "14101076"]
[BlackFideId "21857679"]
[EventDate "2017.12.16"]

1. c4 Nf6 2. Nc3 g6 3. g3 Bg7 4. Bg2 O-O 5. d4 d6 6. e3 Nbd7 7. Nge2 e5 8. b3 c6
9. h3 Re8 10. Ba3 Qc7 11. O-O a6 12. dxe5 dxe5 13. Bd6 Qd8 14. g4 Re6 15. Ng3 c5
16. Bxc5 Qa5 17. b4 Qa3 18. Qb3 Qxb3 19. axb3 b6 20. Bxa8 bxc5 21. b5 e4 22.
Rad1 Ne5 23. Rd8+ Ne8 24. Ncxe4 Bd7 25. f4 1-0

[Event "European Rapid 2017"]
[Site "Katowice POL"]
[Date "2017.12.16"]
[Round "1.82"]
[White "Pieczewski, Szymon"]
[Black "Kourousis, Epaminondas"]
[Result "0-1"]
[BlackTitle "IM"]
[WhiteElo "1564"]
[BlackElo "2393"]
[WhiteFideId "1174940"]
[BlackFideId "4211626"]
[EventDate "2017.12.16"]

1. e4 c6 2. Nc3 d5 3. d4 dxe4 4. Nxe4 Bf5 5. Ng3 Bg6 6. h4 h6 7. Nf3 Nd7 8. Bd3
Bxd3 9. Qxd3 e6 10. O-O Be7 11. h5 Ngf6 12. b3 O-O 13. Bb2 Qa5 14. a3 Rfd8 15.
b4 Qc7 16. c4 Bd6 17. Ne4 Nxh5 18. Nxd6 Qxd6 19. Rfd1 Nf4 20. Qf1 Ng6 21. g3 a6
22. Qg2 b5 23. c5 Qd5 24. Ne1 Qxg2+ 25. Kxg2 Nf6 26. Nc2 Nd5 27. Rh1 a5 28. Rhe1
Rd7 29. Rh1 Rda7 30. Rhe1 Nge7 31. Kf3 axb4 32. axb4 Ra2 33. Rxa2 Rxa2 34. Rb1
Nc3 35. Bxc3 Rxc2 36. Rb3 Nd5 37. Be1 f5 38. Ra3 g5 39. Ra6 g4+ 40. Kg2 Ne7 41.
Ra8+ Kf7 42. Rh8 Nd5 43. Rxh6 Ne3+ 44. Kh2 Re2 45. Rh7+ Kg6 46. Rc7 Nf1+ 47. Kg2
Rxe1 48. Rxc6 Nd2 49. f4 gxf3+ 50. Kf2 Re2+ 0-1

[Event "European Rapid 2017"]
[Site "Katowice POL"]
[Date "2017.12.16"]
[Round "1.84"]
[White "Mikelsons, Mikelis-Emils"]
[Black "Polzin, Rainer"]
[Result "0-1"]
[BlackTitle "GM"]
[WhiteElo "1721"]
[BlackElo "2404"]
[WhiteFideId "11607475"]
[BlackFideId "4610741"]
[EventDate "2017.12.16"]

1. d4 Nf6 2. c4 g6 3. Nc3 Bg7 4. e4 d6 5. Be2 O-O 6. Nf3 Na6 7. Nd2 e5 8. d5 Ne8
9. Rb1 f5 10. b4 Nf6 11. O-O f4 12. Ba3 g5 13. h3 Rf7 14. c5 Bf8 15. Nc4 Rg7 16.
b5 Nb8 17. Bg4 Bxg4 18. hxg4 h5 19. gxh5 g4 20. f3 Nxh5 21. Kf2 Ng3 22. Rh1
Nxh1+ 23. Qxh1 Rh7 24. Qg1 dxc5 25. Ke2 Nd7 26. fxg4 Qh4 27. Qf2 Qxg4+ 28. Qf3
Qxf3+ 29. Kxf3 Bd6 30. Nb2 Kf7 31. Nd3 Rg8 32. Ne2 Rh2 33. Rg1 c4 34. Nb4 Nf8
35. Nc2 Nh7 36. Bxd6 cxd6 37. Ne1 Ng5+ 0-1

[Event "European Rapid 2017"]
[Site "Katowice POL"]
[Date "2017.12.16"]
[Round "1.85"]
[White "Piesik, Piotr"]
[Black "Petrovska, Arina"]
[Result "1-0"]
[WhiteTitle "FM"]
[WhiteElo "2374"]
[BlackElo "1501"]
[WhiteFideId "1136194"]
[BlackFideId "11604476"]
[EventDate "2017.12.16"]

1. Nf3 d5 2. g3 Nf6 3. Bg2 c6 4. O-O g6 5. d3 Bg7 6. Nbd2 O-O 7. e4 Bg4 8. h3
Bxf3 9. Qxf3 Nbd7 10. Qe2 e6 11. f4 e5 12. f5 d4 13. g4 g5 14. h4 h6 15. hxg5
hxg5 16. Nc4 Ne8 17. a4 Nb6 18. Na5 Nd6 19. b4 f6 20. c3 dxc3 21. Be3 Re8 22.
Rfc1 Qd7 23. Rxc3 Red8 24. Bf3 Nf7 25. Qb2 Bf8 26. Bd1 Nh6 27. Kg2 Kg7 28. Kg3
Bd6 29. Rb1 Rh8 30. b5 Nxg4 31. Bxg4 Nxa4 32. bxc6 bxc6 33. Qb7 Bc7 34. Qxc6
Qxc6 35. Rxc6 Bxa5 36. Rb7+ Kg8 37. Ra6 Be1+ 38. Kg2 Nc3 39. Rxf6 Bh4 40. Rg6+
Kf8 41. Bc5+ Ke8 42. Re6+ Kd8 43. f6 a5 44. Rd6+ 1-0

[Event "European Rapid 2017"]
[Site "Katowice POL"]
[Date "2017.12.16"]
[Round "1.86"]
[White "Golecki, Jan"]
[Black "Pena Gomez, Manuel"]
[Result "0-1"]
[BlackTitle "IM"]
[WhiteElo "1774"]
[BlackElo "2491"]
[WhiteFideId "1184008"]
[BlackFideId "2252813"]
[EventDate "2017.12.16"]

1. e4 c5 2. Nf3 e6 3. d4 cxd4 4. Nxd4 Nc6 5. c4 Nf6 6. Nc3 d6 7. Be2 Be7 8. O-O
O-O 9. Be3 a6 10. f4 Bd7 11. Bf3 Nxd4 12. Bxd4 Bc6 13. Qe2 Rc8 14. Rfd1 Qc7 15.
Rac1 Qb8 16. b3 Rfd8 17. Kh1 Nd7 18. Nd5 Bf8 19. Nb6 e5 20. Nxd7 Rxd7 21. fxe5
dxe5 22. Bb6 Rd6 23. Rxd6 Qxd6 24. Rd1 Qb4 25. Bg4 Re8 26. Bf2 b5 27. Bd7 Bxd7
28. Rxd7 bxc4 29. Qxc4 Qxc4 30. bxc4 Rc8 31. c5 f6 32. Rd5 Kf7 33. g4 Ke6 34.
Kg2 Rb8 35. Rd3 Rb2 36. Rc3 Kd7 37. c6+ Kc7 38. a3 Ra2 39. g5 Bxa3 40. gxf6 gxf6
41. Kg3 Bd6 42. Be1 a5 43. h4 Bb4 44. Rc1 Ra3+ 45. Kg4 Re3 46. Bxb4 Rxe4+ 47.
Kf5 Rf4+ 48. Ke6 axb4 49. h5 b3 50. Rb1 Rf3 0-1

[Event "European Rapid 2017"]
[Site "Katowice POL"]
[Date "2017.12.16"]
[Round "1.87"]
[White "Djuric, Stefan"]
[Black "Redzisz, Michal"]
[Result "1-0"]
[WhiteTitle "GM"]
[WhiteElo "2383"]
[BlackElo "1836"]
[WhiteFideId "900133"]
[BlackFideId "21816107"]
[EventDate "2017.12.16"]

1. e4 c5 2. Nf3 d6 3. Nc3 Nf6 4. d4 cxd4 5. Nxd4 g6 6. f4 Nc6 7. Nf3 Bg7 8. Bd3
O-O 9. O-O a6 10. Kh1 b5 11. Qe1 Bb7 12. a4 b4 13. Nd1 Nd7 14. Nf2 Nc5 15. Bc4
Qb6 16. Nd3 Na5 17. Nxc5 dxc5 18. Ba2 Rad8 19. e5 Bd5 20. Bxd5 Rxd5 21. b3 Rfd8
22. Be3 Nc6 23. Nd2 Nd4 24. Nc4 Qe6 25. Qf2 Qf5 26. Rac1 Qe6 27. h3 h5 28. Rce1
Rc8 29. Bc1 Rc6 30. Bb2 Rc8 31. Kh2 Rcd8 32. Kh1 Rc8 33. a5 Rcd8 34. Nb6 Qf5 35.
Nxd5 Rxd5 36. Rd1 Qd7 37. Bxd4 cxd4 38. Rfe1 f5 39. Rd3 e6 40. Red1 Bf8 41. Rxd4
Qc6 42. Rxd5 exd5 43. Qb6 Qxc2 44. Qxg6+ Bg7 45. Qe8+ Bf8 46. Qe6+ Kg7 47. Qd7+
Kh8 48. Qxd5 Qe2 49. Qf3 Qb5 50. Qxh5+ 1-0

[Event "European Rapid 2017"]
[Site "Katowice POL"]
[Date "2017.12.16"]
[Round "1.88"]
[White "Mackiewicz, Marcin"]
[Black "Licznerski, Lukasz"]
[Result "0-1"]
[BlackTitle "FM"]
[WhiteElo "1716"]
[BlackElo "2267"]
[WhiteFideId "1126601"]
[BlackFideId "1179250"]
[EventDate "2017.12.16"]

1. d4 Nf6 2. c4 g6 3. Nc3 d5 4. Nf3 Bg7 5. g3 O-O 6. cxd5 Nxd5 7. Bg2 c5 8. O-O
Nc6 9. Nxd5 Qxd5 10. dxc5 Qxc5 11. Be3 Qb5 12. Nd4 Nxd4 13. Bxd4 Rd8 0-1

[Event "European Rapid 2017"]
[Site "Katowice POL"]
[Date "2017.12.16"]
[Round "1.89"]
[White "Polivanov, Anatoliy"]
[Black "Pniaczek, Marek"]
[Result "1-0"]
[WhiteTitle "IM"]
[BlackTitle "CM"]
[WhiteElo "2383"]
[BlackElo "2052"]
[WhiteFideId "14109468"]
[BlackFideId "21800421"]
[EventDate "2017.12.16"]

1. d4 d5 2. c4 dxc4 3. Nf3 a6 4. e4 b5 5. a4 Bb7 6. Nc3 b4 7. Bxc4 e6 8. Qb3 Nc6
9. a5 Rb8 10. Ne2 Nf6 11. d5 exd5 12. exd5 Ne7 13. d6 Ned5 14. dxc7 Qxc7 15. O-O
Bc5 16. Qa4+ Bc6 17. Qc2 O-O 18. b3 Rfe8 19. Bb2 Ng4 20. Qf5 Nh6 21. Qg5 Bf8 22.
Be5 Rxe5 23. Qxe5 Bd6 24. Qh5 Nf6 25. Qg5 Bxf3 26. gxf3 Re8 27. Rad1 Re5 28. Qd2
Be7 29. Ng3 Nf5 30. Qf4 Nxg3 31. hxg3 Bc5 32. Rde1 Bd6 33. Rxe5 Bxe5 34. Qf5 Bd4
35. Kg2 g6 36. Qd3 Ba7 37. Re1 Qc5 38. Qd8+ Kg7 39. Re7 Qxf2+ 40. Kh3 Qg1 41.
Rxf7+ Kh6 42. Qxf6 Qh1+ 43. Kg4 Qh5+ 44. Kf4 Bb8+ 45. Ke4 Be5 46. Qh4 1-0

[Event "European Rapid 2017"]
[Site "Katowice POL"]
[Date "2017.12.16"]
[Round "1.90"]
[White "Wolczyk, Karol"]
[Black "Jahncke, Giso"]
[Result "0-1"]
[BlackTitle "FM"]
[WhiteElo "1629"]
[BlackElo "2403"]
[WhiteFideId "1188208"]
[BlackFideId "24608289"]
[EventDate "2017.12.16"]

1. e4 d5 2. exd5 Nf6 3. Nf3 Qxd5 4. Nc3 Qa5 5. d4 c6 6. Bd2 Bf5 7. Bc4 e6 8. O-O
Qc7 9. Re1 Be7 10. h3 Nbd7 11. Nh4 Bg6 12. a4 Nb6 13. Bb3 O-O 14. Nxg6 hxg6 15.
Qf3 Nbd5 16. Bxd5 cxd5 17. Bf4 Qc4 18. Be5 Nd7 19. Qe2 Nxe5 20. Qxe5 Bf6 21. Qg3
Bxd4 22. Qd3 Rfc8 23. Ra3 Rc6 24. Rb3 b6 25. Nb5 Qxd3 26. cxd3 Bf6 27. Nc3 Rac8
28. Ne2 Rc2 29. d4 Rd2 30. Rc3 Rxc3 31. bxc3 Ra2 32. Kf1 Rxa4 33. Rb1 Ra2 34. f4
Kf8 35. Ng1 Rc2 36. Rb3 Ke7 37. Nf3 Kd6 38. g4 Kc7 39. Kg1 a5 40. g5 Be7 41. Ne5
a4 42. Rb1 a3 43. Nxf7 a2 44. Ra1 Rb2 0-1